Connections: history edition - Statistics

General Stats
  • This quiz has been taken 127 times
  • The average score is 27 of 45
Answer Stats
Question Tile Select % Correct
Pick the four items which go together. Jane Goodall No
97%
Pick the four items which go together. Confucius No
96%
Pick the four items which go together. Barack Obama Yes
94%
Pick the four items which go together. Joseph DeAngelo No
94%
Pick the four items which go together. Abraham Lincoln Yes
93%
Pick the four items which go together. Gandhi No
88%
Pick the four items which go together. Thomas Edison Yes
87%
Pick the four items which go together. Sitting Bull No
86%
Pick the four items which go together. Benjamin Harrison Yes
85%
Pick the four items which go together. Genghis Khan No
83%
Pick the four items which go together. Warren Harding Yes
82%
Pick the four items which go together. Marco Polo No
78%
Pick the four items which go together. Henry Kissinger No
77%
Pick the four items which go together. David Attenborough No
74%
Pick the four items which go together. Don Bradman No
73%
Pick the four items which go together. Constantine Yes
71%
Pick the four items which go together. Benjamin Franklin Yes
70%
Pick the four items which go together. Bach No
69%
Pick the four items which go together. Archimedes Yes
68%
Pick the items which go together. Pocahontas No
67%
Pick the four items which go together. John the Baptist No
62%
Pick the items which go together. Pol Pot No
61%
Pick the four items which go together. Atal Bihari Vajpayee No
58%
Pick the four items which go together. Heike Drechsler Yes
55%
Pick the four items which go together. P. V. Narasimha Rao No
54%
Pick the four items which go together. Voltaire No
53%
Pick the items which go together. Arthur Miller Yes
52%
Pick the items which go together. Desmond Tutu No
52%
Pick the items which go together. Anton Chekhov No
51%
Pick the four items which go together. Erich Honecker Yes
51%
Pick the four items which go together. Beowulf No
50%
Pick the items which go together. Joe DiMaggio Yes
49%
Pick the items which go together. James Dougherty Yes
45%
Pick the four items which go together. Marita Koch Yes
45%
Pick the items which go together. Babe Ruth No
40%
Pick the four items which go together. Tim Berners-Lee Yes
38%
Pick the four items which go together. Stephen Hawking No
33%
Pick the four items which go together. Indulf Yes
32%
Pick the four items which go together. Katrin Krabbe Yes
31%
Pick the items which go together. John Kennedy No
30%
Pick the four items which go together. Kenneth MacAlpin Yes
26%
Pick the four items which go together. Hermann Göring No
20%
Pick the four items which go together. Hirohito No
20%
Pick the four items which go together. Attila the Hun No
12%
Pick the four items which go together. Dub Yes
12%
No matching quizzes found
Score Distribution
Percent of People with Each Score
Percentile by Number Answered
Your Score History
You have not taken this quiz